| 000 | 00526nam a2200181Ia 4500 | ||
|---|---|---|---|
| 005 | 20250423100038.0 | ||
| 008 | 250422s9999 xx 000 0 und d | ||
| 020 | _a9789391540463 | ||
| 050 | _aQA 76.9.D343 .R63/ | ||
| 100 | _aRoa, Nageswara R. | ||
| 245 | 0 | _aMachine learning in data science using python | |
| 260 | _aNew Delhi | ||
| 260 | _bLK International Pvt. Ltd. | ||
| 260 | _c2020 | ||
| 300 | _a300 p | ||
| 650 | _aData Science, Data mining. Machine learning. Python (Computer program language) | ||
| 942 | _cBK | ||
| 999 |
_c32121 _d32121 |
||